000 00610nam a2200205Ia 4500
003 IEPS
005 20250703135312.0
008 250223s9999||||xx |||||||||||||| ||und||
020 _a9789957066239
040 _CIEPS
041 _aara
082 _a658.4
100 _aالسكارنة بلال خلف
245 0 _aالقيادة الإدارية الفعالة
260 _aعمان
_bدار المسيرة للنشر و التوزيع و الطباعة
_c2010
300 _a439 ص.
_bجداول
_c24 سم.
653 _aالادارة
653 _aالقيادة الادارية
942 _cكتاب
999 _c13079
_d13079